000 00458nam a2200157Ia 4500
008 240729s9999 xx 000 0 und d
022 _a2504-186X
245 0 _aInternational Journal of Turbomachinery, Propulsion and Power
260 _aSwitzerland
260 _bMDPI AG
650 _a Mechanical engineering and machinery
650 _aTechnology
856 _uhttps://doaj.org/toc/bc6eee2b5c5c4e6cac140282e4c1e0f6
942 _2ddc
942 _cDOAJEJ
999 _c74042
_d74042
945 _a1
_bMadushi Gamage
_c1
_dMadushi Gamage